South Eastern Kenya University

Library Online Public Access Catalogue


General statistics / (Record no. 12358)

MARC details
000 -LEADER
fixed length control field 00667cam a2200241 a 4500
001 - CONTROL NUMBER
control field 2158035
003 - CONTROL NUMBER IDENTIFIER
control field OSt
005 - DATE AND TIME OF LATEST TRANSACTION
control field 20160401133306.0
008 - FIXED-LENGTH DATA ELEMENTS--GENERAL INFORMATION
fixed length control field 990504s2000 nyua b 001 0 eng
010 ## - LIBRARY OF CONGRESS CONTROL NUMBER
LC control number 99031329
020 ## - INTERNATIONAL STANDARD BOOK NUMBER
International Standard Book Number 047128310X (alk. paper)
040 ## - CATALOGING SOURCE
Original cataloging agency SEKU
050 00 - LIBRARY OF CONGRESS CALL NUMBER
Classification number QA 276.12
Item number .C43 2000
100 1# - MAIN ENTRY--PERSONAL NAME
Personal name Chase, Warren.
245 10 - TITLE STATEMENT
Title General statistics /
Statement of responsibility, etc. Warren Chase, Fred Brown.
250 ## - EDITION STATEMENT
Edition statement 4th ed.
260 ## - PUBLICATION, DISTRIBUTION, ETC. (IMPRINT)
Place of publication, distribution, etc. New York :
Name of publisher, distributor, etc. Wiley,
Date of publication, distribution, etc. 2000.
300 ## - PHYSICAL DESCRIPTION
Extent xiv, 528, 50, 36, 3 p. :
Other physical details col. ill. ;
Dimensions 26 cm.
504 ## - BIBLIOGRAPHY, ETC. NOTE
Bibliography, etc Includes bibliographical references and index.
650 #0 - SUBJECT ADDED ENTRY--TOPICAL TERM
Topical term or geographic name as entry element Statistics.
700 1# - ADDED ENTRY--PERSONAL NAME
Personal name Bown, Fred.
942 ## - ADDED ENTRY ELEMENTS (KOHA)
Source of classification or shelving scheme Library of Congress Classification
Koha item type General circulation
Holdings
Withdrawn status Lost status Source of classification or shelving scheme Damaged status Not for loan Home library Current library Shelving location Date acquired Source of acquisition Total Checkouts Full call number Barcode Date last seen Price effective from Koha item type Public note
    Library of Congress Classification     Mtito Andei Centre Library Mtito Andei Centre Library General Stacks 01/04/2016 Donation- Books for Africa   QA 276.12 .C43 2000 2016/015727 01/04/2016 01/04/2016 General circulation TNY
    Library of Congress Classification     Wote Campus Library Wote Campus Library General Stacks 09/05/2016 donation- books for Africa   QA 276.12 .C43 1997 2016/011659 09/05/2016 09/05/2016 General circulation GM
Kitui, Kenya.
+254736116989
library@seku.ac.ke